| Art - Music/Opera | 5 | 12.00 | 60% | 20% | 40% |
| Art - Other | 4 | 10.00 | 0% | 50% | 50% |
| Art - Painting/Sculpture | 7 | 18.57 | 86% | 43% | 57% |
| Art - Visual | 3 | 13.33 | 33% | 33% | 67% |
| Current Events/Modern World - Western social | 1 | 10.00 | 0% | 0% | 100% |
| Geography - Mixed/any | 1 | 30.00 | 100% | 100% | 100% |
| Geography - Non-U.S. Americas | 1 | 20.00 | 100% | 100% | 0% |
| Geography - United States | 1 | 30.00 | 100% | 100% | 100% |
| History - American | 6 | 15.00 | 50% | 67% | 33% |
| History - European | 5 | 12.00 | 40% | 20% | 60% |
| History - Other | 5 | 12.00 | 0% | 80% | 40% |
| History - World | 6 | 16.67 | 33% | 67% | 67% |
| Literature - American any | 1 | 20.00 | 100% | 100% | 0% |
| Literature - American long fiction | 2 | 10.00 | 50% | 0% | 50% |
| Literature - American poetry | 2 | 20.00 | 100% | 50% | 50% |
| Literature - American short fiction | 1 | 10.00 | 100% | 0% | 0% |
| Literature - British any | 1 | 10.00 | 100% | 0% | 0% |
| Literature - British long fiction | 1 | 10.00 | 100% | 0% | 0% |
| Literature - British poetry | 2 | 5.00 | 50% | 0% | 0% |
| Literature - British short fiction | 1 | 20.00 | 0% | 100% | 100% |
| Literature - European long fiction | 2 | 15.00 | 0% | 100% | 50% |
| Literature - World/Misc any | 1 | 10.00 | 0% | 100% | 0% |
| Literature - World/Misc long fiction | 4 | 15.00 | 75% | 0% | 75% |
| Mythology - Egyptian | 1 | 20.00 | 0% | 100% | 100% |
| Mythology - Greco/Roman | 3 | 13.33 | 67% | 33% | 33% |
| Mythology - Hindu | 1 | 10.00 | 0% | 0% | 100% |
| Mythology - Mixed/Any | 1 | 10.00 | 100% | 0% | 0% |
| Other Academic/Cross-Category - Any | 1 | 10.00 | 0% | 100% | 0% |
| Philosophy - Ancient | 1 | 10.00 | 100% | 0% | 0% |
| Philosophy - Pre-20th | 2 | 10.00 | 0% | 50% | 50% |
| Religion - Christianity/Judaism | 2 | 15.00 | 0% | 100% | 50% |
| Religion - Hinduism | 1 | 20.00 | 100% | 0% | 100% |
| Religion - Islam | 1 | 0.00 | 0% | 0% | 0% |
| Science - Biology | 4 | 10.00 | 75% | 25% | 0% |
| Science - Chemistry | 7 | 14.29 | 29% | 57% | 57% |
| Science - Compsci | 1 | 10.00 | 100% | 0% | 0% |
| Science - Earth | 1 | 10.00 | 0% | 100% | 0% |
| Science - Other | 4 | 10.00 | 25% | 25% | 50% |
| Science - Physics | 9 | 13.33 | 56% | 33% | 44% |
| Social Science - Economics | 1 | 0.00 | 0% | 0% | 0% |
| Social Science - Linguistics | 1 | 10.00 | 0% | 100% | 0% |
| Social Science - Mixed/Any | 1 | 20.00 | 100% | 0% | 100% |
| Social Science - Psychology | 2 | 10.00 | 0% | 0% | 100% |
| Social Science - Sociology | 1 | 10.00 | 0% | 0% | 100% |